| 000 | 00744nam a2200241 u 4500 | ||
|---|---|---|---|
| 005 | 20210223131655.0 | ||
| 008 | 120213s2007 r 000 0 eng d | ||
| 020 | _a9780822562528 (13 dígitos) | ||
| 020 | _a0822562529 (10 dígitos) | ||
| 035 | _aUPN01000183399 | ||
| 049 | _aI | ||
| 050 | 4 |
_aQP101 _bS8.2 |
|
| 100 | 1 | _aStorad, Conrad J. | |
| 245 | 1 | 3 |
_aEl aparato circulatorio / _cConrad J. Storad. |
| 260 |
_aMinneapolis, E.U.A. : _bLerner, _c2007. |
||
| 300 |
_a48 p. : _bil. col. |
||
| 440 | 0 | _aLibros sobre el cuerpo humano para madrugadores | |
| 534 |
_pTitulo original: _tThe circulatory system |
||
| 650 | 4 |
_aSISTEMA CARDIOVASCULAR _920435 |
|
| 650 | 4 |
_aSANGRE - _xCIRCULACION _919373 |
|
| 905 | _aInfantil | ||
| 999 |
_c155502 _d155502 |
||